Odvody na poistné na zdravotné a sociálne poistenie u pracujúcich dôchodcov (III.)

Od 1. januára 2011 platí, že žiadatelia o predčasný starobný dôchodok nemajú nárok na jeho výplatu, ak sú povinne dôchodkovo poistení ako zamestnanci či osoby vykonávajúce samostatne zárobkovú činnosť. Táto úprava sa od 1. januára 2013 rozšírila aj na pracujúcich na základe dohôd o vykonaní práce al...

Celý popis

Uložené v:
Podrobná bibliografia
Hlavný autor: Matlovičová, Iveta
Médium: Kapitola
Jazyk:Slovak
Predmet:
Tagy: Pridať tag
Žiadne tagy, Buďte prvý, kto otaguje tento záznam!

MARC

LEADER 00000naa a2200000 4500
001 0312708
005 20251009101406.1
041 0 |a slo 
044 |a SK 
245 1 0 |a Odvody na poistné na zdravotné a sociálne poistenie u pracujúcich dôchodcov (III.)  |c Iveta Matlovičová 
520 |a Od 1. januára 2011 platí, že žiadatelia o predčasný starobný dôchodok nemajú nárok na jeho výplatu, ak sú povinne dôchodkovo poistení ako zamestnanci či osoby vykonávajúce samostatne zárobkovú činnosť. Táto úprava sa od 1. januára 2013 rozšírila aj na pracujúcich na základe dohôd o vykonaní práce alebo pracovnej činnosti. 
610 2 0 |a odvody 
610 2 0 |a poistné 
610 2 0 |a dôchodcovia 
610 2 0 |a poistenie sociálne 
610 2 0 |a poistenie zdravotné 
610 2 0 |a zákony 
100 1 |a Matlovičová, Iveta